| 000 | 00601nam a2200241Ia 4500 | ||
|---|---|---|---|
| 003 | OSt | ||
| 005 | 20230324124607.0 | ||
| 008 | 210423s2008 xx 000 0 und d | ||
| 020 | _a9788183189293 | ||
| 040 | _cAL | ||
| 041 | _aeng | ||
| 082 |
_a332.042 _223 _bAVAV |
||
| 100 |
_aAVADHANI (V A) _977411 |
||
| 245 | _aInternational finance | ||
| 250 | _a7 | ||
| 260 |
_aNew Delhi _bHimalaya Publishing House _c2008 |
||
| 300 |
_a504 _bPB |
||
| 365 |
_b298 _cINR |
||
| 650 |
_aEconomics _977412 |
||
| 650 |
_aFinancial Economics _977413 |
||
| 906 | _afinance ; International | ||
| 942 |
_2ddc _cBK |
||
| 999 |
_c155804 _d155804 |
||